01533nam a2200337Ia 4500001001200000003000800012006001900020007001500039008004100054020001800095020001500113040002100128035002100149050002800170111010400198245016000302260006100462300002300523500010200546504004100648533015200689650003800841650004000879650004500919655002900964700002100993700002101014710001701035856012601052999001701178ebr10255699CaPaEBRm u cr cn|||||||||010917s2001 si a sb 100 0 eng d z9789810245955 z9810245955 aCaPaEBRcCaPaEBR a(OCoLC)64676860314aQC793.3.F5bI599 2000eb2 aInternational Workshop on Non-Perturbative Methods and Lattice QCDd(2000 :cZhong Shan University)10aNon-perturbative methods and lattice QCDh[electronic resource] :bproceedings of the International Conference /ceditors, Xiang-Qian Luo, Eric B. Gregory. aSingapore ;aRiver Edge, NJ :bWorld Scientific,cc2001. aix, 308 p. :bill. a"... held at Zhongshan University in Guangzhou, China, from May 15 through 20, 2000 ... ."--Pref. aIncludes bibliographical references. aElectronic reproduction.bPalo Alto, Calif. :cebrary,d2009.nAvailable via World Wide Web.nAccess may be limited to ebrary affiliated libraries. 0aLattice field theoryvCongresses. 0aQuantum chromodynamicsvCongresses. 0aParticles (Nuclear physics)vCongresses. 7aElectronic books.2local1 aLuo, Xiang-Qian.1 aGregory, Eric B.2 aebrary, Inc.40uhttp://site.ebrary.com/lib/rucke/Doc?id=10255699zAn electronic book accessible through the World Wide Web; click to view c14941d14941